000 00668nam a2200217 i 4500
001 bg
100 1 _aTADEUSIEWICZ, Michał
245 0 _aTeoria obwodów.
_nCz. 3,
_pKierunek elektronika /
_cMichał Tadeusiewicz.
250 _aWyd. 3.
260 _aŁodź :
_bPŁ,
_c1993.
300 _a181 s. :
_brys., wykr. ;
_c21 cm.
490 1 _aSkrypty dla Szkół Wyższych / Politechnika Łódzka
504 _aBibliogr. s. 181.
710 _aPOLITECHNIKA ŁÓDZKA (Łódź)
830 0 _aSkrypty dla Szkół Wyższych (Politechnika Łódzka)
040 _cBPK
041 _apol
080 _a621.37(075.8)
942 _cKS
008 s pl f |000 0 pol
999 _c6479
_d6479
856 _uhttp://koha.tu.koszalin.pl/cgi-bin/koha/opac-detail.pl?biblionumber=6479
_yKatalog online BPK